I Sekretarze KC PZPR - nagła śmierć - Statystyki

Ogólne statystyki
  • Ten quiz został rozwiązany 133 razy
    65 od ostatniego zresetowania
  • Średni wynik to 4 z 7
Answers on the Grid
Answers color-coded by a green-red scale on the quiz's grid according to % correct below.
Bolesław Bierut
Bronisław Geremek
Czesław Kiszczak
Edward Gierek
Edward Ochab
Hanna Suchocka
Jan Olszewski
Jerzy Urban
Józef Cyrankiewicz
Lech Kaczyński
Leonid Breżniew
Leszek Miller
Mieczysław Moczar
Mieczysław Rakowski
Mieczysław Wilczek
Mikołaj Kozakiewicz
Piotr Jaroszewicz
Roman Malinowski
Stanisław Kania
Władysław Gomułka
Wojciech Jaruzelski
 
Statystyki odpowiedzi
Odpowiedź % Poprawnych
Bolesław Bierut
88%
Edward Gierek
77%
Edward Ochab
58%
Władysław Gomułka
54%
Stanisław Kania
50%
Wojciech Jaruzelski
46%
Mieczysław Rakowski
35%
Nie znaleziono quizów pasujących do podanych kryteriów
Rozkład punktacji
Procent ludzi z każdym wynikiem
Percentyl według liczby udzielonych odpowiedzi
Twoja historia wyników
Nie rozwiązałeś tego quizu od ostatniego zresetowania